000 00444nam a2200169Ia 4500
005 20250507130158.0
008 008 250505s9999 xx 000 0 eng d
037 _aSeries Article
040 _aEASL
_beng
_cEASL
041 _aeng
_2eng
084 _qEASL
245 0 _aWorld expects a better year Zhu Qing
260 _aChina
_bBeijing Beijing Review
_c2003
300 _a10-12
942 _cSRA
999 _c1318147
_d1318147